000 00259nam a2200109Ia 4500
008 190216s9999||||xx |||||||||||||| ||und||
100 _aJose C L
245 0 _aVishudhapapathinde Pangalikal
260 _bNbs Kottayam
650 _aEssay Malayalam
942 _cBK
999 _c24725
_d24725